[Event "Challenge"]
[Site "http://www.queenalice.com/game.php?id=1352512"]
[Date "2015.4.8"]
[Round "-"]
[White "Ragnor"]
[Black "cdare"]
[Result "1-0"]
[WhiteElo "2244"]
[BlackElo "1844"]

1. e4 e5 2. Nf3 Nc6 3. c3 Nf6 4. d3 Bc5 5. Bg5 d6 6. h3 O-O 7. Nbd2 Bd7 8. a3 a6
9. b4 Ba7 10. Be2 b5 11. O-O Be6 12. Nh2 g6 13. Bg4 Bxg4 14. Nxg4 Qd7 15. Nxf6+
1-0

[Event "Challenge"]
[Site "http://www.queenalice.com/game.php?id=1352994"]
[Date "2015.4.11"]
[Round "-"]
[White "cdare"]
[Black "Ragnor"]
[Result "1-0"]
[WhiteElo "1889"]
[BlackElo "2232"]

1. e4 c5 2. Nf3 d6 3. Bb5+ Bd7 4. Bxd7+ Qxd7 5. c3 Nf6 6. d3 h6 7. Be3 Nc6 8.
Nbd2 O-O-O 9. Qa4 Kb8 10. O-O a6 11. b4 cxb4 12. cxb4 Ne5 13. Qxd7 Rxd7 14. Nxe5
dxe5 15. Nc4 Rxd3 16. Nxe5 Nxe4 17. Nxd3 e6 18. Bc5 Nc3 19. Bxf8 Rxf8 20. Ne5
Ne2+ 21. Kh1 1-0

[Event "Challenge"]
[Site "http://www.queenalice.com/game.php?id=1365491"]
[Date "2015.6.14"]
[Round "-"]
[White "Ragnor"]
[Black "cdare"]
[Result "0-1"]
[WhiteElo "2210"]
[BlackElo "1881"]

1. e4 e5 2. Nf3 Nc6 3. c3 Nf6 4. d3 h6 5. h3 Bc5 6. b4 Bb6 7. d4 d6 8. dxe5 dxe5
9. Qxd8+ Nxd8 10. Bd3 Nc6 11. O-O O-O 0-1

[Event "Challenge"]
[Site "http://www.queenalice.com/game.php?id=1410318"]
[Date "2016.2.21"]
[Round "-"]
[White "eddval"]
[Black "Ragnor"]
[Result "1-0"]
[WhiteElo "2266"]
[BlackElo "2168"]

1. e4 c5 2. Nf3 Qc7 3. d4 d6 4. c4 a6 5. Nc3 e6 6. Be2 Nf6 7. h3 cxd4 8. Nxd4
Nbd7 9. Be3 Be7 10. O-O O-O 11. Rc1 b6 12. Qd2 Bb7 13. f3 Rac8 14. Rfd1 Rfd8 15.
b3 1-0

[Event "AUTO-MASTER-2457"]
[Site "http://www.queenalice.com/game.php?id=1419915"]
[Date "2016.4.26"]
[Round "1"]
[White "MSchatz"]
[Black "Ragnor"]
[Result "0-1"]
[WhiteElo "2134"]
[BlackElo "2171"]

1. e4 c5 2. Nf3 d6 3. Bb5+ Nd7 4. Nc3 Nf6 5. d3 a6 6. Bxd7+ Bxd7 7. Be3 Qc7 8.
Nd5 Nxd5 9. exd5 g6 10. c4 Bg7 11. Qc2 e6 12. O-O exd5 13. cxd5 O-O 14. Rac1 b6
15. b3 Qb7 16. Qc4 Bb5 17. Qc2 Qxd5 18. Rcd1 Qf5 19. a4 Bc6 20. Nd2 Qd5 21. f3
Rfe8 22. Bf2 Re2 23. Qb1 b5 24. a5 f5 25. Rfe1 Rae8 26. Rxe2 Rxe2 27. Nf1 Bd4
0-1

[Event "AUTO-MASTER-2457"]
[Site "http://www.queenalice.com/game.php?id=1419916"]
[Date "2016.4.26"]
[Round "1"]
[White "Ragnor"]
[Black "MSchatz"]
[Result "1-0"]
[WhiteElo "2159"]
[BlackElo "2151"]

1. e4 e5 2. Nf3 Nc6 3. d4 exd4 4. Nxd4 Bc5 5. Be3 Qf6 6. c3 Nxd4 7. cxd4 Bb4+ 8.
Nc3 Bxc3+ 9. bxc3 b6 10. Bd3 Bb7 11. Qc2 Ne7 12. O-O Ng6 13. f4 O-O 14. f5 Ne7
15. Rf3 d6 16. Rg3 d5 17. Bg5 Qd6 18. e5 Qd7 19. Bxe7 Qxe7 20. f6 Qe6 21. Bxh7+
Kh8 22. fxg7# 1-0

[Event "AUTO-MASTER-2457"]
[Site "http://www.queenalice.com/game.php?id=1419933"]
[Date "2016.4.26"]
[Round "1"]
[White "Ragnor"]
[Black "sia"]
[Result "1-0"]
[WhiteElo "2199"]
[BlackElo "2033"]

1. e4 e6 2. d4 d6 3. Nc3 Nd7 4. Be3 Be7 5. Qg4 Ngf6 6. Qxg7 Rg8 7. Qh6 Nf8 8. h3
c6 9. Nf3 Qb6 10. O-O-O d5 11. e5 Rg6 12. Qf4 Nh5 13. Qh2 c5 14. g4 Ng7 15. Bd3
cxd4 16. Nxd4 Bg5 17. Bxg5 Rxg5 18. Ncb5 Ng6 19. f4 Nxf4 20. Qxf4 Rg6 21. Nd6+
Kd8 22. Bxg6 hxg6 23. Qf6+ Kc7 24. Qe7+ Kb8 25. Qf8 Qc7 26. Qxg7 a6 27. Rdf1 Ka7
28. Rxf7 Qb6 29. Rc7 Qxd4 30. Rxb7+ Bxb7 31. Qxb7# 1-0

[Event "AUTO-MASTER-2457"]
[Site "http://www.queenalice.com/game.php?id=1419934"]
[Date "2016.4.26"]
[Round "1"]
[White "sia"]
[Black "Ragnor"]
[Result "0-1"]
[WhiteElo "2084"]
[BlackElo "2182"]

1. g3 d5 2. Bg2 e5 3. e3 Be6 4. Ne2 Nd7 5. O-O Ngf6 6. c3 h5 7. b4 h4 8. d4 Bd6
9. dxe5 Nxe5 10. Nf4 hxg3 11. fxg3 Qe7 12. Nxd5 Nxd5 13. Bxd5 Ng4 14. Bxb7 Rd8
15. Qa4+ Kf8 16. Qxa7 Nxh2 17. Rd1 Qg5 18. Rd2 Qxg3+ 19. Rg2 Qe1# 0-1

[Event "AUTO-MASTER-2457"]
[Site "http://www.queenalice.com/game.php?id=1419935"]
[Date "2016.4.26"]
[Round "1"]
[White "Ragnor"]
[Black "Spessatto"]
[Result "1-0"]
[WhiteElo "2191"]
[BlackElo "1893"]

1. e4 e5 2. Nf3 Nc6 3. Bc4 Bc5 4. c3 d6 5. d4 Bb6 6. dxe5 dxe5 7. Qxd8+ Nxd8 8.
Nxe5 Nh6 9. Bxh6 gxh6 10. O-O Be6 11. Nd2 Ke7 12. a4 f6 13. Nd3 Nc6 14. Bxe6
Kxe6 15. Nc4 Ne5 16. Ncxe5 fxe5 17. a5 Bxa5 18. Rxa5 Rhg8 19. Rxe5+ Kf6 20. Rf5+
Ke6 21. Nf4+ Kd6 22. Rd1+ 1-0

[Event "AUTO-MASTER-2457"]
[Site "http://www.queenalice.com/game.php?id=1419936"]
[Date "2016.4.26"]
[Round "1"]
[White "Spessatto"]
[Black "Ragnor"]
[Result "0-1"]
[WhiteElo "1905"]
[BlackElo "2195"]

1. d4 f5 2. h3 Nf6 3. Nf3 d5 4. Bf4 e6 5. Nbd2 Nc6 6. e3 Bd7 7. c3 Nh5 8. Bh2
Nf6 9. Bd3 Bd6 10. Ne5 Bxe5 11. dxe5 Ne4 12. Nxe4 fxe4 13. Bc2 Qe7 14. f4 Qh4+
15. Kd2 O-O-O 16. Qe2 g5 17. Raf1 gxf4 18. Bxf4 Rdf8 19. g3 Qe7 20. h4 Qg7 21.
Qb5 Rhg8 22. Qb3 Na5 23. Qb4 Nc4+ 24. Kc1 b6 25. Ba4 c6 26. h5 h6 27. Bd1 Rxf4
28. Rxf4 c5 29. Qb3 Qxg3 30. Rhf1 Qxe3+ 31. Kc2 Rg2+ 0-1

[Event "OS INCLIVES"]
[Site "http://www.queenalice.com/game.php?id=1423971"]
[Date "2016.5.20"]
[Round "-"]
[White "adelio"]
[Black "Ragnor"]
[Result "0-1"]
[WhiteElo "1692"]
[BlackElo "2194"]

1. d4 d6 2. c4 Nf6 3. Nc3 e5 4. d5 Be7 5. e4 c6 6. Be2 O-O 7. h4 a5 8. h5 h6 9.
g4 Nh7 10. Be3 Na6 11. Nh3 Nc5 12. g5 Nxg5 13. Nxg5 Bxg5 14. Kd2 cxd5 15. Nxd5
Bxe3+ 16. Nxe3 Nxe4+ 17. Kc2 Nxf2 18. Qe1 Nxh1 19. Qxh1 Qg5 20. Qf3 f5 21. Qd5+
Rf7 22. Kd3 f4 23. Nc2 Qf5+ 24. Qe4 Qxe4+ 25. Kxe4 Bf5+ 26. Kd5 Bxc2 27. Kxd6
Rd8+ 28. Kxe5 Rf5+ 29. Ke6 Re8+ 30. Kd6 Rxe2 31. Kc7 Rf6 32. Kxb7 Re7+ 33. Kc8
Rf8# 0-1

[Event "OS INCLIVES"]
[Site "http://www.queenalice.com/game.php?id=1423972"]
[Date "2016.5.20"]
[Round "-"]
[White "Ragnor"]
[Black "adelio"]
[Result "1-0"]
[WhiteElo "2198"]
[BlackElo "1721"]

1. e4 a6 2. d4 c5 3. d5 e5 4. Be2 d6 5. a4 Be7 6. Bd3 h5 7. Nd2 h4 8. h3 g5 9.
Nc4 Nd7 10. Nf3 Nf8 11. Bd2 Ng6 12. Ba5 Qd7 13. Nb6 Qc7 14. Nc4 Qd7 15. Nb6 Qc7
16. Nd2 Nf4 17. Ndc4 Nxg2+ 18. Kf1 Nf4 19. Nxa8 Qxa5 20. Nxa5 Bd8 21. Nc4 Rh6
22. Qf3 Rf6 23. Qe3 Nxd3 24. Nxd6+ Rxd6 25. Qxd3 Bd7 26. Qc3 f6 27. Qxc5 Ke7 28.
a5 f5 29. f4 gxf4 30. Rg1 Kf8 31. Qxd6+ Be7 32. Qxd7 Nf6 33. Qc8+ Kf7 34. Qxf5
Bc5 35. Qe6+ Kf8 36. Qxf6+ Ke8 37. Rg8+ Kd7 38. Qe6# 1-0

[Event "OS INCLIVES"]
[Site "http://www.queenalice.com/game.php?id=1429367"]
[Date "2016.6.27"]
[Round "-"]
[White "adelio"]
[Black "Ragnor"]
[Result "0-1"]
[WhiteElo "1650"]
[BlackElo "2206"]

1. f4 e6 2. h4 h5 3. Nf3 Nf6 4. c4 d5 5. Ng5 Nc6 6. e3 d4 7. d3 Bb4+ 8. Bd2
Bxd2+ 9. Qxd2 e5 10. Nxf7 Kxf7 11. a4 dxe3 12. Qxe3 Re8 13. Be2 Nb4 14. Na3 exf4
15. Qd2 Bg4 16. Qxb4 Rxe2+ 17. Kf1 Qxd3 18. Qc3 Re1+ 19. Kxe1 Qe2# 0-1

[Event "OS INCLIVES"]
[Site "http://www.queenalice.com/game.php?id=1429368"]
[Date "2016.6.27"]
[Round "-"]
[White "Ragnor"]
[Black "adelio"]
[Result "1-0"]
[WhiteElo "2191"]
[BlackElo "1698"]

1. e4 a6 2. d4 c5 3. Nf3 e6 4. Be3 d6 5. dxc5 Nc6 6. cxd6 Bxd6 7. Nc3 b5 8. a3
Ne5 9. Bf4 Nxf3+ 10. Qxf3 Bxf4 11. Qxf4 Ne7 12. Rd1 Qa5 13. Bd3 b4 14. axb4 Qxb4
15. Rb1 Bb7 16. O-O O-O 17. Ne2 Ng6 18. Qe3 Qd6 19. f4 Rac8 20. Ra1 h5 21. Rfd1
h4 22. e5 Qc5 23. Qxc5 Rxc5 24. b4 Rc7 25. c4 f5 26. c5 Rd8 27. Bc4 Re8 28. Bxa6
h3 29. g3 Bg2 30. Bc4 Rc6 31. Nd4 Rcc8 32. Bxe6+ Rxe6 33. Nxe6 Kh7 34. Rd7 Rg8
35. Raa7 Kh6 36. Nxg7 Be4 37. Nxf5+ Kh5 38. Rh7+ Kg4 39. Nh6+ Kf3 40. Ra3+ Ke2
41. Nxg8 Nxf4 42. gxf4 Bxh7 43. Nf6 Bf5 44. Nh5 Be6 45. Ng3+ Kd2 46. Kf2 Kc2 47.
Ke3 Kb2 48. Rd3 Kc2 49. f5 Bc4 50. Rd6 Kc3 51. Rb6 Kb3 52. e6 Kc3 53. f6 Bd5 54.
f7 Bxe6 55. f8=Q Bd5 56. Qf6+ Kc4 57. Qd4+ Kb3 58. Qxd5+ Kb2 59. Kd3 Kb1 60.
Qb3+ Ka1 61. Ra6# 1-0

[Event "OS INCLIVES"]
[Site "http://www.queenalice.com/game.php?id=1429369"]
[Date "2016.6.27"]
[Round "-"]
[White "Ragnor"]
[Black "adelio"]
[Result "1-0"]
[WhiteElo "2190"]
[BlackElo "1702"]

1. e4 a6 2. Nf3 c5 3. a4 e6 4. d4 Nc6 5. Be3 d6 6. d5 Ne5 7. Nc3 Be7 8. Nxe5
dxe5 9. Bc4 h5 10. dxe6 Qxd1+ 11. Rxd1 Bxe6 12. Bxe6 fxe6 13. O-O h4 14. h3 g5
15. a5 Nh6 16. Na4 O-O 17. Bxc5 Rae8 18. Rd7 Rf7 19. Bxe7 Rexe7 20. Rxe7 Rxe7
21. Rd1 g4 22. Rd8+ Kh7 23. Nc5 Kg6 24. Nd7 gxh3 25. gxh3 Rf7 26. Nxe5+ Kf6 27.
Nxf7 Nxf7 28. Rd7 Ng5 29. Rxb7 Nxh3+ 30. Kg2 Nf4+ 31. Kf3 Ke5 32. Rb6 h3 33. Kg3
Kxe4 34. Rb4+ Kd5 35. Rxf4 Kc5 36. Kxh3 e5 37. Rf5 Kd4 38. Kg4 Kd5 39. f4 Kd6
40. fxe5+ Ke6 41. c4 Ke7 42. Rf6 Kd7 43. c5 Kc7 44. b4 Kb7 45. Rd6 Ka7 46. c6
Kb8 47. Rd7 Ka8 48. c7 Kb7 49. e6 Kc8 50. Kf5 Kb7 51. e7 Kc6 52. c8=Q+ Kb5 53.
Rb7+ Ka4 54. e8=Q+ Kb3 55. Qe3+ Kb2 56. Qcc3+ Kb1 57. Qec1+ Ka2 58. Q1b2# 1-0

[Event "Challenge"]
[Site "http://www.queenalice.com/game.php?id=1431729"]
[Date "2016.7.14"]
[Round "-"]
[White "Mulder"]
[Black "Ragnor"]
[Result "1-0"]
[WhiteElo "2035"]
[BlackElo "2207"]

1. e4 c5 2. Nc3 Nc6 3. Bb5 Nf6 4. Nf3 e6 5. e5 Ng4 6. Bxc6 dxc6 7. d3 h6 8. h3
Nxe5 9. Nxe5 f6 10. Qh5+ Ke7 11. Qf7+ Kd6 12. Nc4# 1-0

[Event "AUTO-MASTER-2457"]
[Site "http://www.queenalice.com/game.php?id=1441939"]
[Date "2016.9.18"]
[Round "2"]
[White "Ragnor"]
[Black "Angelo"]
[Result "1-0"]
[WhiteElo "2246"]
[BlackElo "2229"]

1. e4 e6 2. d4 d5 3. e5 c5 4. c3 Nc6 5. Nf3 Bd7 6. Be3 Qb6 7. Qd2 Rc8 8. dxc5
Bxc5 9. Bxc5 Qxc5 10. Qg5 Qf8 11. Nbd2 Nh6 12. Nb3 Ne7 13. Qe3 b6 14. Ba6 Rc7
15. Bd3 g6 16. Nbd4 Qg7 17. Qg5 Nc6 18. Nb5 Rc8 19. Nd6+ Kf8 20. Nxc8 Bxc8 21.
Bb5 Ne7 22. O-O Nhg8 23. Rfe1 a6 24. Bd3 Nc6 25. Qe3 b5 26. Qc5+ Nge7 27. a4
bxa4 28. Rxa4 Qh6 29. Bxa6 Kg7 30. Bxc8 Rxc8 31. Rh4 Nxe5 32. Qxe7 Nxf3+ 33.
gxf3 Qd2 34. Rxe6 Qxb2 35. Rxh7+ Kxh7 36. Qxf7+ Kh8 37. Qf6+ 1-0

[Event "AUTO-MASTER-2457"]
[Site "http://www.queenalice.com/game.php?id=1441940"]
[Date "2016.9.18"]
[Round "2"]
[White "Angelo"]
[Black "Ragnor"]
[Result "0-1"]
[WhiteElo "2241"]
[BlackElo "2234"]

1. c4 Nf6 2. Nc3 g6 3. g3 Bg7 4. Bg2 c6 5. Nf3 d6 6. O-O O-O 7. d3 h6 8. Bd2 e5
9. Qc1 Kh7 10. Rb1 Be6 11. b4 Nbd7 12. a4 d5 13. cxd5 cxd5 14. Qa3 d4 15. Nb5
Qb6 16. Rfc1 Rfc8 17. Qa1 Nd5 18. Na3 Rxc1+ 19. Rxc1 Nc3 20. Bxc3 dxc3 21. Nc2
Rc8 22. e4 a5 23. b5 Nc5 24. Rd1 Qd8 25. Bf1 Bf6 26. Be2 Nb3 27. Qb1 Qe7 28. Kg2
Qc5 29. h4 Bd8 0-1

[Event "AUTO-MASTER-2457"]
[Site "http://www.queenalice.com/game.php?id=1441943"]
[Date "2016.9.18"]
[Round "2"]
[White "Ragnor"]
[Black "ravenga"]
[Result "1-0"]
[WhiteElo "2218"]
[BlackElo "2346"]

1. e4 Nf6 2. Nc3 d5 3. exd5 Nxd5 4. Bc4 c6 5. d4 e6 6. Nge2 Be7 7. Bd2 O-O 8.
O-O Nd7 9. a3 N7b6 10. Bb3 Bf6 11. Ne4 Be7 12. Ba5 f5 13. Nc5 Qe8 14. Nd3 Qh5
15. c4 Nf6 16. Re1 g5 17. Bb4 Bxb4 18. Nxb4 f4 19. f3 a5 20. Nc2 Bd7 21. Qd2
Rad8 22. Qxa5 Nc8 23. Nc1 g4 24. Qxh5 Nxh5 25. fxg4 Nf6 26. g5 Nh5 27. Nd3 Kh8
28. Rad1 Nd6 29. c5 Nf7 30. h4 Rde8 31. Rd2 Bc8 32. Rf2 Kg7 33. Nxf4 Nxf4 34.
Rxf4 h6 35. gxh6+ Nxh6 36. Rxf8 Kxf8 37. Re4 Ke7 38. Ne3 Rg8 39. g4 Rg6 40. g5
Kd8 41. Nc4 Nf5 42. Kg2 Nxh4+ 43. Rxh4 Rxg5+ 44. Kf3 1-0

[Event "AUTO-MASTER-2457"]
[Site "http://www.queenalice.com/game.php?id=1441944"]
[Date "2016.9.18"]
[Round "2"]
[White "ravenga"]
[Black "Ragnor"]
[Result "0-1"]
[WhiteElo "2310"]
[BlackElo "2203"]

1. e4 c5 2. Nf3 d6 3. d4 cxd4 4. Nxd4 Nf6 5. Nc3 Bd7 6. Bg5 e6 7. Bc4 h6 8. Bh4
Be7 9. Bg3 O-O 10. O-O Nc6 11. Nb3 Ne5 12. Be2 b5 13. a3 Rc8 14. f3 Nc4 15. Bxc4
bxc4 16. Nd4 Qb6 17. Bf2 Qxb2 18. Qd2 Qb7 19. Rfb1 Qa6 20. a4 Qa5 21. Ndb5 a6
22. Nd4 d5 23. Nxe6 Bxe6 24. Bb6 Bc5+ 25. Bxc5 Qxc5+ 26. Kh1 dxe4 27. Nxe4 Nxe4
28. fxe4 c3 0-1

[Event "Let's Play Chess!"]
[Site "http://www.queenalice.com/game.php?id=1798696"]
[Date "2022.10.26"]
[Round "-"]
[White "igor12345"]
[Black "Ragnor"]
[Result "0-1"]
[WhiteElo "1994"]
[BlackElo "2257"]

1. e4 c5 2. Nf3 Nc6 3. d4 cxd4 4. Nxd4 Qb6 5. c3 Nf6 6. Nxc6 bxc6 7. Bd3 d5 8.
Qa4 Bd7 9. Qc2 e5 10. b4 a5 11. Qa4 c5 12. Qc2 c4 13. Be2 Nxe4 14. O-O Qg6 15.
f3 Qb6+ 16. Kh1 Nf2+ 17. Kg1 Nh3+ 18. Kh1 Qg1+ 0-1